|
|
|
|
| LEADER |
00000nab a2200000ua 4500 |
| 001 |
vtls010779862 |
| 003 |
SK-MaSNL |
| 005 |
20260303123455.0 |
| 008 |
230214s1972 xo |||||||||||||||||slo| |
| 035 |
|
|
|a (urnnbn)urn:nbn:sk:snk:ar-a03gmz
|
| 035 |
|
|
|a (uuid)bb112331-3c7a-46f0-91b8-cec11a24c5f1
|
| 035 |
|
|
|a urn:nbn:sk:snk-ab59gu
|
| 040 |
|
|
|a SNKBUCL
|b slo
|c SNKBUCL
|e AACR2
|
| 041 |
0 |
|
|a slo
|
| 044 |
|
|
|a xo
|c SK
|
| 100 |
1 |
|
|a Strelka, J.
|4 aut
|9 936629
|
| 245 |
1 |
0 |
|a DECHER H.: DIE ZERVIKALEN SYNDROME IN DER HALS-NASEN-OHREN-HEILKUNDE (Cervikálne syndrómy v otolaryngológii)
|c J. Strelka
|
| 773 |
0 |
|
|t Bratislavské lekárske listy
|g Roč. 57, č. 4 (1972), s. 499
|
| 954 |
|
|
|a odborná, vedecká literatúra pôvodná (slovenská)
|2 lita
|
| 958 |
|
|
|a OND
|
| 958 |
|
|
|a EUIPO
|
| 958 |
|
|
|a article3
|
| 999 |
|
|
|c 1926257
|d 1928187
|